Manchester United Quiz - Statistics

General Stats
  • This quiz has been taken 230 times
  • The average score is 11 of 19
Answer Stats
Question Answer % Correct
What is the name of Manchester United's Stadium? Old Trafford
99%
What is Manchester United's nickname? Red Devils
88%
How many league titles has Manchester United won? 20
82%
In which year did Manchester United win the treble? 1999
81%
Who did Manchester United beat in the Champions League final that year? Bayern Munich
77%
Who holds the record for most appearances for Manchester United? Ryan Giggs
71%
What is the name of the family that owns Manchester United? Glazer
67%
Who is the United player known for his 'Kung Fu Kick' to a fan? Eric Cantona
64%
What is the most number of goals scored by United in 1 game? 10
62%
In which year was the Munich Air Disaster? 1958
60%
To the nearest thousand, what is the capacity of Manchester United's Stadium? 76,000
60%
Who is Manchester United's most successful manager? Sir Alex Ferguson
57%
What was Manchester United's former name? Newton Heath
52%
In which year was Manchester United founded? 1878
51%
Who scored the winning goal? Ole Gunnar Solskjaer
49%
Who is their current manager? Jose Mourinho
43%
Who is Manchester United's longest serving captain? Bryan Robson
35%
How many appearances did he make? 963
18%
Against which opponent was that? Anderlecht
11%
No matching quizzes found
Score Distribution
Percent of People with Each Score
Percentile by Number Answered
Your Score History
You have not taken this quiz